000
00192nam a22000857a 4500
008
170603b xxu||||| |||| 00| 0 eng d
100
_9
3236
_a
Peach. L. G
245
_a
Henry VIII
260
_b
ladybird
999
_c
6550
_d
6550